| 000 | 00724nam a2200205Ia 4500 | ||
|---|---|---|---|
| 003 | GCL | ||
| 008 | 140319s9999 xx 000 0 ara d | ||
| 020 | _a3266102977 | ||
| 040 |
_aGCL / _cGCL |
||
| 082 | 0 | 4 |
_a416 _bا م |
| 100 | 1 | _aاحمد غراب | |
| 245 | 1 | 0 |
_aموسيقى الشعر : _bعلم العروض والقوافى / _cاحمد غراب |
| 260 |
_aالقاهرة : _bدار طيبة للنشر ، _c2005 |
||
| 300 |
_a226 ص ؛ _c24 سم |
||
| 650 | 0 | 4 | _aالشعر العربى |
| 650 | 0 | 4 | _aاللغة العربية - الالفاظ |
| 650 | 0 | 4 | _aاللغة العربية - العروض والقوافى |
| 650 | 0 | 4 | _aالبلاغة العربية - العروض والقوافى |
| 942 |
_2ddc _cBK |
||
| 999 |
_c8990 _d8990 |
||